Estadísticas para ¿En qué país se encuentra?

Haz click aquí para intentar la prueba.

Estadísticas generales

  • Esta prueba ha sido intentada 118 veces
  • La puntuación promedio es 14 de 16

Estadísticas de respuestas

Respuesta% Correcto
Francia
100%
Italia
100%
Estados Unidos
99%
India
99%
Egipto
96%
Rusia
96%
Brasil
94%
China
94%
España
92%
Grecia
92%
México
89%
Reino Unido
82%
Australia
81%
Jordania
71%
Dinamarca
60%
Portugal
47%

Distribución de puntuación

Porcentaje por número respondido

Porcentaje de gente con cada puntuación

Historial de tus puntuaciones

No has intentado esta prueba.